<?xml version="1.0" encoding="UTF-8"?>
<marc:record xmlns:marc="http://www.loc.gov/MARC21/slim">
   <marc:leader>00000nam a2200000 a 4500</marc:leader>
   <marc:datafield ind1="1" ind2=" " tag="100">
      <marc:subfield code="a">Boie, Kirsten</marc:subfield>
      <marc:subfield code="4">aut</marc:subfield>
      <marc:subfield code="e">Verfasser/-in</marc:subfield>
   </marc:datafield>
   <marc:datafield ind1="1" ind2=" " tag="100">
      <marc:subfield code="a">Waechter, Philip</marc:subfield>
   </marc:datafield>
   <marc:datafield ind1=" " ind2=" " tag="653">
      <marc:subfield code="a">Zeiteinteilung</marc:subfield>
   </marc:datafield>
   <marc:datafield ind1=" " ind2=" " tag="653">
      <marc:subfield code="a">Grundschulkind</marc:subfield>
   </marc:datafield>
   <marc:datafield ind1=" " ind2=" " tag="653">
      <marc:subfield code="a">Kinderbuch</marc:subfield>
   </marc:datafield>
   <marc:datafield ind1="0" ind2="0" tag="245">
      <marc:subfield code="a">Mittwochs darf ich spielen</marc:subfield>
   </marc:datafield>
   <marc:datafield ind1="0" ind2="0" tag="245">
      <marc:subfield code="c">Kirsten Boie. Mit Bildern von Philip Waechter</marc:subfield>
   </marc:datafield>
   <marc:datafield ind1=" " ind2="1" tag="264">
      <marc:subfield code="a">Frankfurt, M.</marc:subfield>
      <marc:subfield code="b">Fischer Taschenbuch Verl.</marc:subfield>
      <marc:subfield code="c">2012</marc:subfield>
   </marc:datafield>
   <marc:datafield ind1="1" ind2=" " tag="490">
      <marc:subfield code="a">Fischer</marc:subfield>
      <marc:subfield code="v">80730 : Fischer Schatzinsel</marc:subfield>
   </marc:datafield>
   <marc:datafield ind1=" " ind2=" " tag="250">
      <marc:subfield code="a">Bearb. Neuausg.</marc:subfield>
   </marc:datafield>
   <marc:datafield ind1="1" ind2=" " tag="520">
      <marc:subfield code="a">Angaben aus der Verlagsmeldung

Mittwochs darf ich spielen / von Kirsten Boie

Die siebenjährige Fabia hat jeden Tag Programm: Montags hat sie Ballett, dienstags Flöten, donnerstags Tennis und freitags Hockey. Nur mittwochs hat Fabia frei! Aber dann verreisen ihre Eltern für einige Tage, und Tante Pia kommt, um auf sie aufzupassen. Doch Tante Pia hält überhaupt nichts von vollen Kalendern. Sie hat auch keine Lust, Fabia ständig zu ihren Terminen zu kutschieren, und ignoriert sie deshalb einfach. So muss Fabia sich eine ganze Woche lang selbst beschäftigen – das ist am Anfang gar nicht so leicht, aber schließlich macht Fabia ihre neue Freiheit doch richtig Spaß.

Eine augenzwinkernde Kritik an Eltern, die ihrem Kind – mit besten Absichten – kaum Möglichkeiten zu einem selbst bestimmten Leben lassen.
</marc:subfield>
   </marc:datafield>
   <marc:datafield ind1=" " ind2=" " tag="020">
      <marc:subfield code="a">9783596807307</marc:subfield>
      <marc:subfield code="9">9783596807307</marc:subfield>
   </marc:datafield>
   <marc:datafield ind1=" " ind2=" " tag="300">
      <marc:subfield code="a">138 S.</marc:subfield>
   </marc:datafield>
</marc:record>
